00343nam a22001097a 4500020000800000040001600008082001800024100002200042245008900064260004400153300003600197 qHB. cFizza Ishaq a813.52b1970. aGhinsberg, yossi. aJungle: A Harrowing True Story of Adventure, Danger and Survival /cyossi Ghinsberg. aNew York :bBoomerang New Media,c1970. a241 p. ;c6.1 x 9.2 x 1 inches